Honduras (Record no. 9772)

MARC details
000 -CABECERA
campo de control de longitud fija 00711nam a2200217 a 4500
001 - NÚMERO DE CONTROL
campo de control BRL_960
005 - FECHA Y HORA DE LA ÚLTIMA TRANSACCIÓN
campo de control 20190320210954.0
008 - DATOS DE LONGITUD FIJA--INFORMACIÓN GENERAL
campo de control de longitud fija 291013s1967----mx-o######---#000-0#spa-#
041 ## - CÓDIGO DE LENGUA
Código de lengua del texto/banda sonora o título independiente spa
044 ## - CÓDIGO DEL PAÍS DE LA ENTIDAD EDITORA/PRODUCTORA
Código MARC del país mx
050 #4 - SIGNATURA TOPOGRÁFICA DE LA BIBLIOTECA DEL CONGRESO
Número de clasificación F1504
Número de documento/Ítem .H66 1967
245 10 - MENCIÓN DE TÍTULO
Título Honduras
Mención de responsabilidad, etc. Editado por la H. Cámara de diputados del congreso de los Estados Unidos Mexicanos xlvi legislatura
260 ## - PUBLICACIÓN, DISTRIBUCIÓN, ETC.
Lugar de publicación, distribución, etc. México
Nombre del editor, distribuidor, etc. Plástica Mexicana
Fecha de publicación, distribución, etc. 1967
300 ## - DESCRIPCIÓN FÍSICA
Extensión [26] p.
Otras características físicas il., láminas
Dimensiones 47 cm.
500 ## - NOTA GENERAL
Nota general Au2274
651 #4 - PUNTO DE ACCESO ADICIONAL DE MATERIA--NOMBRE GEOGRÁFICO
Nombre geográfico Honduras
Subdivisión general Descripcion y viajes
9 (RLIN) 25451
651 #4 - PUNTO DE ACCESO ADICIONAL DE MATERIA--NOMBRE GEOGRÁFICO
Nombre geográfico Honduras
Subdivisión general Vida social y costumbres
9 (RLIN) 25452
710 2# - PUNTO DE ACCESO ADICIONAL--NOMBRE DE ENTIDAD CORPORATIVA
Nombre de entidad corporativa o nombre de jurisdicción como elemento de entrada Mexico
Unidad subordinada Congreso - Cámara de Diputados - XLVI Legislatura
9 (RLIN) 25453
902 ## - CATALOGADOR
Iniciales GRL
942 ## - ELEMENTOS DE PUNTO DE ACCESO ADICIONAL (KOHA)
Fuente del sistema de clasificación o colocación Library of Congress Classification
Tipo de ítem Koha Libros
Holdings
Estado de retiro Estado de pérdida Estado dañado No para préstamo Localización permanente Ubicación/localización actual Fecha de adquisición Número de inventario Total de préstamos Signatura topográfica completa Código de barras Fecha visto por última vez Precio válido a partir de Tipo de ítem Koha
El ejemplar forma parte de la colección y puede ser consultado según las políticas vigentes.       Biblioteca Centro de Estudios Ruth D. Lechuga Biblioteca Centro de Estudios Ruth D. Lechuga 29/10/2013 Au2274   F1504 .H66 1967 (Au2274) GRL01037 22/03/2019 22/03/2019 Libros